Statistiques concernant Incollable #43 - Maths-Français

Cliquez ici pour prendre le quiz!

Statistiques générales

  • Ce quiz a été pris 369 fois
    (340 depuis la dernière actualisation)
  • Le résultat moyen est 9 sur 11

Statistiques - réponses

NiveauxQuestionsRéponses% Correct
CE1Marc prends l’avion à midi. Il arrive à 17 heures. Combien de temps à duré son voyage ?5 heures
100%
CE1Quel mot, commençant par « D » est le contraire du verbe « adorer » ?Détester
99%
CPQuel instrument doit-on utiliser pour tracer un trait droit ?Une règle
99%
CM2Au total, combien faut-il de chiffres pour écrire 3 845 000 ?7 chiffres
96%
CM1Théo est né le 09 juin 1999. Alexis est né un an, un mois et un jour après lui. Quand est né Alexis ?Le 10 juillet 2000
96%
CM1Par quel pronom personnel peut-on remplacer le groupe nominal « maman, ma sœur et Léon » ?Ils
95%
CollègeQue sont deux droites qui ne sont pas sécantes ?Parallèle
85%
LycéeCombien y a-t-il de décilitres dans 3 hL ?3000 (1hL=1000 dL)
82%
CollègeSur une calculatrice, sur quels chiffres doit-on appuyer pour lire le mot « Soleil » (les écrire dans l’ordre de lecture) ?7-1-3-7-0-5
66%
LycéeQuel nombre est égal à 5656/101 ?56
60%
CM2Quelle est la nature du mot « quel » dans la phrase: « Quel exploit ! » ?Adjectif exclamatif
28%

Distribution des résultats

Percentile par nombre de réponses

% des personnes avec chaque résultat

Votre développement - résultats

Vous n’avez pas pris ce quiz depuis la dernière actualisation